Дело о службе сторожихи при уборных Мариинского театра Марии Филипповой

Доступно только в Электронных читальных залах Найти на картеНа карте
RUSMARC
00003622nmc2a22002413x 450
00112bd9a70-aec1-4e93-827a-eac41c40c6b2
00520230221044108.0
100##$a20220816l19081915k l0rusy0189 ca
1010#$arus
102##$aRU
105##$ay###
1222#$ad
2001#$aДело о службе сторожихи при уборных Мариинского театра Марии Филипповой
$j13 октября 1908 г. - 1 июля 1915 г.
215##$a13 л.
$d36,5х26 см
251##$cДело
300##$aНа бланке обложки указано: "Дело Санкт-Петербургской конторы императорских театров"
371##$aДокумент не является опубликованным и широко распространяемым
461#0$10019264ebf8-de62-4f1a-9eb4-9f22098dbbd5
$12001
$aДирекция императорских театров Министерства императорского двора
$1251
$cФонд
$1852
$j497
462#0$100100037408-f2d3-429f-8132-b2a5be14c7f5
$12001
$aДела о службе
$1251
$cОпись
$1852
$j13
801#0$aRU
$bРГИА
$c20220816
$gRCR
801#1$aRU
$bГлавНИВЦ
$c20220816
$2rusmarc
801#2$aRU
$bПБ им. Б.Н. Ельцина
$c20230221
$gRCR
$2rusmarc
850##$aРГИА
852##$aРГИА
$eФедеральное казенное учреждение "Российский государственный исторический архив" (РГИА)
$j1124
937##$hРГИА
$d12386253
$aASBIBLIO_SCAN
035##$aRusGRCC00051671
856##$uhttp://readingroom.main.prlib.ru/item.aspx?id_node=n183538990&mode=full
Формат отображения